| 000 | 00821nam a22002417a 4500 | ||
|---|---|---|---|
| 999 |
_c17304 _d17304 |
||
| 003 | AR-CdUCM | ||
| 008 | 190508b ||||| |||| 00| 0 spa d | ||
| 040 |
_aMUNICIPALIDAD PROVINCIAL DEL CUSCO _cBIBLIOTECA MUNICIPAL DEL CUSCO |
||
| 082 |
_a612.6 / _bL23 |
||
| 100 |
_aLane Traeger, Joan _937237 |
||
| 245 | _aComprensión del desarrollo humano / | ||
| 260 |
_aMéxico : _bPax Mexico ; _c1959. |
||
| 300 |
_a485 páginas ; _c25 cm. |
||
| 440 |
_aColección ciencias del hombre _911455 |
||
| 505 | _aContenido : Conducta humana -- Desarrollo social -- Formación de parejas -- Escuela materna... | ||
| 650 |
_aConducta humana _937238 |
||
| 650 |
_aDesarrollo social _91131 |
||
| 650 |
_aIdentidad _9255 |
||
| 650 |
_ainteligencia _91764 |
||
| 700 |
_aBeauchamp, Mary _937239 |
||
| 942 |
_2ddc _cLIBROS |
||
| 945 | _arcc | ||